000
00194 a2200097 4500
001
1128
100
_a
Swann, H.W
245
_a
Electrical safety
260
_a
_b
Macdonald
_c
090
_c
690
_d
690
942
_a
NUST-CAE
_c
M
_c
33489
999
_c
236201
_d
236201